Normal view
MARC view
- اعداد ميرلو-بونتي، موريس ، لوفور،كلود ؛ ترجمة وتعليق خضر، سعاد محمد ؛ مراجعة داغر، نقولا
Entry Personal Name
001 - CONTROL NUMBER
- control field: 36281
003 - CONTROL NUMBER IDENTIFIER
- control field: JO-AjAnu
005 - DATE AND TIME OF LATEST TRANSACTION
- control field: 20230606080047.0
008 - FIXED-LENGTH DATA ELEMENTS
- fixed length control field: 230606|| aca||aabn | a|a d
040 ## - CATALOGING SOURCE
- Original cataloging agency: JO-AjAnu
- Transcribing agency: JO-AjAnu
100 ## - HEADING--PERSONAL NAME
- Personal name: اعداد ميرلو-بونتي، موريس ، لوفور،كلود ؛ ترجمة وتعليق خضر، سعاد محمد ؛ مراجعة داغر، نقولا
670 ## - SOURCE DATA FOUND
- Source citation: Work cat.: (JO-AjAnu)18627: اعداد ميرلو-بونتي، موريس ، لوفور،كلود ؛ ترجمة وتعليق خضر، سعاد محمد ؛ مراجعة داغر، نقولا , author, المرئي واللامرئي متبوعا بملاحظات العمل